000 00302nam a22001337a 4500
008 181122b xxu||||| |||| 00| 0 eng d
020 _a0962474541
041 _aeng
080 _a070
100 _a40
101 _aMED
245 _aThe X Factor A Quest for Excellent
_cPlimpton,G
942 _2udc
_cBK
999 _c52355
_d52355